The fire of His holiness : (Record no. 1248)

MARC details
000 -LEADER
fixed length control field 01043cam a22002774a 4500
001 - CONTROL NUMBER
control field 1214013
003 - CONTROL NUMBER IDENTIFIER
control field GBCCL
005 - DATE AND TIME OF LATEST TRANSACTION
control field 20241126110357.0
008 - FIXED-LENGTH DATA ELEMENTS--GENERAL INFORMATION
fixed length control field 990510s1999 cau 000 0deng
010 ## -
-- 99031475
020 ## - INTERNATIONAL STANDARD BOOK NUMBER
International Standard Book Number 0830723781 (trade)
040 ## - CATALOGING SOURCE
Original cataloging agency DLC
Transcribing agency DLC
Modifying agency DLC
042 ## -
-- pcc
050 00 -
-- BV4510.2
-- .S2813 1999
082 00 - DEWEY DECIMAL CLASSIFICATION NUMBER
Classification number 289.94092
-- B
Edition information 21
Item number SCA
100 1# - MAIN ENTRY--PERSONAL NAME
Personal name Scataglini, Sergio,
Dates associated with a name 1957-
9 (RLIN) 2366
245 14 - TITLE STATEMENT
Title The fire of His holiness :
Remainder of title prepare yourself to enter God's presence /
Statement of responsibility, etc. Sergio Scataglini.
260 ## - PUBLICATION, DISTRIBUTION, ETC.
Place of publication, distribution, etc. Ventura, Calif. :
Name of publisher, distributor, etc. Regal,
Date of publication, distribution, etc. c1999.
300 ## - PHYSICAL DESCRIPTION
Extent 191 p. ;
Dimensions 22 cm.
600 10 - SUBJECT ADDED ENTRY--PERSONAL NAME
Personal name Scataglini, Sergio,
Dates associated with a name 1957-
9 (RLIN) 2366
650 #0 - SUBJECT ADDED ENTRY--TOPICAL TERM
Topical term or geographic name entry element Christian life
General subdivision Assemblies of God authors.
9 (RLIN) 2367
650 #0 - SUBJECT ADDED ENTRY--TOPICAL TERM
Topical term or geographic name entry element Holiness
General subdivision Christianity.
9 (RLIN) 2242
906 ## - LOCAL DATA ELEMENT F, LDF (RLIN)
a 7
b cbc
c orignew
d 1
e ocip
f 19
g y-gencatlg
942 ## - ADDED ENTRY ELEMENTS (KOHA)
Source of classification or shelving scheme Dewey Decimal Classification
Koha item type Books
Koha issues (borrowed), all copies 4
Holdings
Withdrawn status Lost status Source of classification or shelving scheme Damaged status Not for loan Home library Current Library Shelving location Date acquired Total checkouts Full call number Barcode Date last seen Date last checked out Copy number Price effective from Koha item type
    Dewey Decimal Classification     GRACE BIBLE COLLEGE GRACE BIBLE COLLEGE Church History 2017-04-24 1 289.94092 SCA 007360 2025-05-01 2021-04-01 c.1 2017-04-24 Books
    Dewey Decimal Classification     GRACE BIBLE COLLEGE GRACE BIBLE COLLEGE Church History 2017-04-24 3 289.94092 SCA 007361 2025-05-01 2021-04-05 c.2 2017-04-24 Books
© Grace Bible College Library 2025